| 000 | 00835cgm a2200217 4500 | ||
|---|---|---|---|
| 001 | B3202 | ||
| 008 | 090401t1988 xxu||||| |||| 00| 0 eng d | ||
| 035 | _a(Sirsi) u54690 | ||
| 041 | _aeng | ||
| 050 | _a347.4109 | ||
| 100 | _aClarke, Peter H | ||
| 245 | _aPrinciples of arbitration (sound recording) | ||
| 260 |
_aLondon _bRoyal Institution of Chartered Surveyors _c1988 |
||
| 300 | _a1 sound cassette (60 min.) | ||
| 350 | _a10 | ||
| 490 | _aOwlion Audio Programme | ||
| 520 | _aPublished jointly with the College of Estate Management . Complimentary to other Owlion programmes on Arbitration, this cassette explains the law and practice of arbitration, step-by-step, from the ways in which arbitration arises to the enforcement of the arbitrators award. | ||
| 650 | _aAUDIO CASSETTES | ||
| 942 | _n0 | ||
| 948 | _c04/03/1997 | ||
| 999 |
_c85292 _d85292 |
||